Density of planting (Record no. 56800)

MARC details
000 -LEADER
fixed length control field 00309nam a2200133Ia 4500
100 ## - MAIN ENTRY--AUTHOR NAME
Personal name Peng Ng Ai
245 #0 - TITLE STATEMENT
Title Density of planting
260 ## - PUBLICATION, DISTRIBUTION, ETC. (IMPRINT)
Name of publisher Planters Bulletin
Year of publication 1993
300 ## - PHYSICAL DESCRIPTION
Number of Pages 87-99
650 ## - SUBJECT ADDED ENTRY--TOPICAL TERM
Topical Term Planting
650 ## - SUBJECT ADDED ENTRY--TOPICAL TERM
Topical Term Tapping systems
942 ## - ADDED ENTRY ELEMENTS (KOHA)
Koha item type Journals
Holdings
Withdrawn status Lost status Damaged status Not for loan Home library Current library Shelving location Date acquired Serial Enumeration / chronology Koha item type
      Journals RRII Library RRII Library Physiology 17/12/2021 Volume No, Issue 216 Journals